Advances in macromolecular chemistry (Record no. 58253)

MARC details
000 -LEADER
fixed length control field 00475nam a22001697a 4500
008 - FIXED-LENGTH DATA ELEMENTS--GENERAL INFORMATION
fixed length control field 230526b |||||||| |||| 00| 0 eng d
040 ## - CATALOGING SOURCE
Original cataloging agency National Science Library
Transcribing agency National Science Library
080 ## - UNIVERSAL DECIMAL CLASSIFICATION NUMBER
Universal Decimal Classification number 541.64(05)
245 ## - TITLE STATEMENT
Title Advances in macromolecular chemistry
260 ## - PUBLICATION, DISTRIBUTION, ETC.
Place of publication, distribution, etc. London:
Name of publisher, distributor, etc. Academic Press,
Date of publication, distribution, etc. 1970
300 ## - PHYSICAL DESCRIPTION
Extent x, 267p.
500 ## - GENERAL NOTE
General note Vol. 2 1970
650 ## - SUBJECT ADDED ENTRY--TOPICAL TERM
Topical term or geographic name entry element Science
653 ## - INDEX TERM--UNCONTROLLED
Uncontrolled term Chemistry
700 ## - ADDED ENTRY--PERSONAL NAME
Personal name Pasika, Wallace M (Ed.)
942 ## - ADDED ENTRY ELEMENTS (KOHA)
Source of classification or shelving scheme Universal Decimal Classification
Koha item type Books
Holdings
Withdrawn status Lost status Source of classification or shelving scheme Damaged status Not for loan Home library Current library Shelving location Date acquired Serial Enumeration / chronology Total Checkouts Full call number Barcode Date last seen Price effective from Koha item type
    Universal Decimal Classification     National Science Library National Science Library FF/Rk-2/C-12/R-4 18/12/1970 Vol. 2 1970   541.64(05) 36839 08/08/2023 18/12/1970 Books